00932nas a2200229Ia 4500001001100000003000900011008004100020040001300061040001300074041001300087100004700100210002900147222002900176245005800205250001100263260004200274501008600316300001700402362002600419500022100445650003600666R055/F9176IT-RoPAU151124c99999999xx |||||||||||| ||und|| aIT-RoPAU cIT-RoPAU aITALIANO aGandini LeonardogCodice Aut. SPICS: 21334 aPANORAMICHE PANORAMIQUES aPanoramiche Panoramiques aPANORAMICHE, ANNO 10-N.22 (1999)bUomo Che Corre (L') a1a ed. aVALLE D'AOSTAbREGIONE AUTONOMAc1999 bPaulus - SPICS - Società San Paolo EM (non-commercial uses only)cCopyright2015 a2 p. [50-51] aANNO 010, N.22 (1999) aConversazione con Leslie Woodhead, Durante il Festival di Venezia 1998, Sul Suo Film Endurance, Documentario Sulla Vita del Mezzofondista Etiope Haile Gebrselassie Campione Olimpionico dei Diecimila Metri Ad Atlanta. aCINEMAvPUBBLICAZIONE PERIODICA